Catálogo

CREDIBILITY : (Registro nro. 45190)

Detalles MARC
000 -LEADER
fixed length control field 01148nam a2200217 a 4500
001 - CONTROL NUMBER
control field 45190
005 - DATE AND TIME OF LATEST TRANSACTION
control field 20180714024309.0
008 - FIXED-LENGTH DATA ELEMENTS--GENERAL INFORMATION
fixed length control field 140415s2003 000 0 eng d
020 ## - INTERNATIONAL STANDARD BOOK NUMBER
International Standard Book Number 0787964646
041 ## - LANGUAGE CODE
Language code of text/sound track or separate title eng
082 ## - DEWEY DECIMAL CLASSIFICATION NUMBER
Classification number 658.4092
Item number KOU
100 1# - MAIN ENTRY--PERSONAL NAME
Personal name KOUZES, JAMES M.
245 10 - TITLE STATEMENT
Title CREDIBILITY :
Remainder of title HOW LEASERS GAIN AND LOSE IT, WHY PEOPLE DEMAND IT
250 ## - EDITION STATEMENT
Edition statement 1a ed.
260 ## - PUBLICATION, DISTRIBUTION, ETC.
Place of publication, distribution, etc. [s.l.] :
Name of publisher, distributor, etc. JOHN WILEY AND SONS, INC.,
Date of publication, distribution, etc. 2003
300 ## - PHYSICAL DESCRIPTION
Extent 342
Dimensions x 15 x 23
490 ## - SERIES STATEMENT
Series statement THE JOSSEY - BASS BUSINESS AND MANAGEMENT SERIES
520 ## - SUMMARY, ETC.
Summary, etc. CREDIBILIDAD: TRATA ACERCA DE LIDERES QUE HAN PODIDO GANARSE LA CONFIANZA Y CONFIDENCIAS DE SUS COSTITUYENTES O SEGUIDORES ACERCA DE GENTE QUE DEMANDA DE SUS LIDERES COSAS QUE CONTRBUYAN DE BUENA VOLUNTAD EN SUS CORAZONES, MENTE , CUERPOS Y ALMAS SOBRE LAS ACCIONES QUE LOS LIDERES DEBERÍAN DE TOMAR PARA ORDENAR A SUS SEGUIDORES. LA MISION DE ESTE LIBRO ES QUE LA GENTE DE TODOS LOS NIVELES SUS HABILIDADES PARA DIRIGIR A OTROS Y CONSEGUIR COSAS EXTRAORDINARIAS Y BIEN HECHAS..
650 14 - SUBJECT ADDED ENTRY--TOPICAL TERM
Topical term or geographic name entry element APTITUD DE MANDO
General subdivision LIDERAZGO
-- RELACIONES HUMANAS
700 1# - ADDED ENTRY--PERSONAL NAME
Personal name Posner, Barry Z.,
Relator term coaut.
Existencias
Withdrawn status Lost status Source of classification or shelving scheme Damaged status Not for loan Collection code Home library Current library Shelving location Date acquired Source of acquisition Inventory number Total Checkouts Full call number Barcode Date last seen Price effective from Koha item type
    Dewey Decimal Classification     General Biblioteca Karol Wojtyla Biblioteca Karol Wojtyla Sala general 03/12/2013 Compra 151000000000000000013765   658.4092 KOU 76839 05/01/2026 03/12/2013 Libro
    Dewey Decimal Classification     General Biblioteca Karol Wojtyla Biblioteca Karol Wojtyla Sala general 03/12/2013 Compra 151000000000000000013764   658.4092 KOU 67939 05/01/2026 03/12/2013 Libro
    Dewey Decimal Classification     General Biblioteca Karol Wojtyla Biblioteca Karol Wojtyla Sala general 03/12/2013 Compra 151000000000000000013763   658.4092 KOU 67938 05/01/2026 03/12/2013 Libro